Реторика и пъблик рилейшънс (Запис номер 158341)
[ съкратено ]
| 000 -Лидер | |
|---|---|
| Контролно поле с фиксирана дължина | 02049nam a2200409 c 4500 |
| 003 - Код на организацията, давaща контролен номер | |
| Контролно поле | BLK |
| 005 - Дата и час на последна редакция | |
| Контролно поле | 20210719110340.0 |
| 008 - Елементи от данни с фиксирана дължина | |
| fixed length control field | 180410b bul|||||r ||||||| ||bul|| |
| 010 ## - Наследен системен номер | |
| LC control number | KNG00165349000 |
| 020 ## - Международен стандартен номер на книга ISBN | |
| Международен стандартен номер на книга ISBN | 978-954-07-3539-9 |
| 040 ## - Източник на каталожния запис | |
| Идентификатор на билиотеката - собственик на записа | BLK |
| 041 ## - Код за език | |
| Код за езика на текст/звукозапис или на отделно заглавие | Български |
| Код за езика КДБФ | Български |
| Други езици | Английски |
| -- | Руски |
| 072 #7 - Код за тематичната категория | |
| Код организация | bullib |
| Код за тематична категория | Н82 |
| Текст | Литературознание Н |
| 080 ## - УДК | |
| Текстов определител УДК | Ораторско изкуство. Красноречие. Дебати. Публични дискусии. Психология на слушателя |
| УДК код - определител по УДК | 808.51 |
| УДК - код + определител | 808.51 |
| 080 ## - УДК | |
| УДК код - определител по УДК | 659.3/.4 |
| УДК - код + определител | 659.3/.4 |
| 100 1# - Редна дума - Автор | |
| Автор | Мавродиева, Иванка |
| Авторска отговорност | първи автор |
| Автор - информация (биография) | Мавродиева-Георгиева, Иванка Тодорова |
| R(LIN) | 381456 |
| 139 ## - Редно поле | |
| Редна дума | Мавродиева-Георгиева, Иванка Тодорова |
| Авторски знак | Ма - М 12 |
| 245 10 - Сведения за заглавието | |
| Заглавие | Реторика и пъблик рилейшънс |
| Редно поле (дума) | * Иванка Тодорова Мавродиева-Георгиева; Иванка Мавродиева. |
| 257 ## - Страна на издаване | |
| Страна на създаване/издаване | България |
| 260 ## - Област на издателските данни | |
| Име на издателя, разпространителя и проч. | Унив. изд. Св. Климент Охридски |
| Година на издаване | 2013 |
| 300 ## - Физическа характеристика | |
| Страници | 264 с. |
| Илюстрации и др. | с табл., сх. |
| Размери/Мащаб | 24 см |
| 380 ## - Жанр | |
| Жанр | Литературознание |
| 500 ## - Общи забележки | |
| Забележка | Възприета форма на името на авт. е Иванка Тодорова Мавродиева-Георгиева. - Текст и на англ. и рус. ез. - Библиогр. с. 233-250. |
| 650 #4 - Допълнително описание по предмет – тема | |
| Основно описание – тема или топоним | Реторика |
| 9 (RLIN) | 169373 |
| 650 #4 - Допълнително описание по предмет – тема | |
| Основно описание – тема или топоним | Връзки с обществеността |
| 9 (RLIN) | 261631 |
| 653 ## - Ключова дума – ненормативна | |
| Ключова дума | реторика |
| 653 ## - Ключова дума – ненормативна | |
| Ключова дума | ораторско изкуство |
| 653 ## - Ключова дума – ненормативна | |
| Ключова дума | връзки с обществеността |
| 653 ## - Ключова дума – ненормативна | |
| Ключова дума | PR |
| 659 ## - Тематичен бюлетин | |
| Тематичен бюлетин | Н |
| 700 1# - Други автори (авторска отговорност) | |
| Лично име | Мавродиева-Георгиева, Иванка Тодорова |
| Автороска отговорност (Описва отношението между автора и произведението) | * |
| 9 (RLIN) | 372073 |
| 852 ## - Местоположение | |
| Форматна сигнатура | Цб 270981 |
| 856 4# - Електронен адрес и достъп | |
| Електронен формат | pdf - файл |
| 856 4# - Електронен адрес и достъп | |
| Електронен формат | pdf - файл |
| 999 ## - СИСТЕМНИ КОНТРОЛНИ НОМЕРА | |
| Koha biblionumber | 158341 |
| Koha biblioitemnumber | 158341 |
| 942 ## - АРТИКУЛИ | |
| Вид на библиотечния материал | Книги |
| Скрит в OPAC | Не |
| Koha issues (borrowed), all copies | 1 |
| 944 ## - СЪЗДАВАНЕ И РЕДАКЦИЯ на ЗАПИСА | |
| Създаване/Редакция | Създаване |
| Дата на регистрацията/редакция | 30.09.2014 |
| Статус, дата на статуса | ф / |
| Служител, извършил регистрацията/редакцията | Пенка_Димитрова |
| 944 ## - СЪЗДАВАНЕ И РЕДАКЦИЯ на ЗАПИСА | |
| Създаване/Редакция | Редакция |
| Дата на регистрацията/редакция | 24.11.2014 |
| Статус, дата на статуса | ф / |
| Служител, извършил регистрацията/редакцията | Людмила_Стоянова |
| 999 ## - СИСТЕМНИ КОНТРОЛНИ НОМЕРА | |
| Koha biblioitemnumber | 158341 |
| Код за отписване | Код за изгубен артикул | Код за повреда | Коз за рестрикции | Код за отдаване | Артикулен № | Име на библиотеката - собственик | Име на библиотеката, в която се намира в момента | Статус (Текущо местоположение) | Дата на вписване в системата | Местоположение - отдел | Цена в лева | Инвентарен номер | Систематично азбучна сигнатура | Баркод | Номер на екземпляра | Цена в евро | Служебна бележка | Служебен тип на артикула |
|---|---|---|---|---|---|---|---|---|---|---|---|---|---|---|---|---|---|---|
| Не е изгубен | Не е повреден | без рестрикции | ползва се в читалня | 264862 | Регионална библиотека "Любен Каравелов" Русе | Регионална библиотека "Любен Каравелов" Русе | Хранилище | 2014-10-03 | Хранилище | 15.00 | 120000781230 | Цб 270981 | 120000781230 | 1 | 7.67 | Дост: Dp Вид: Д N: 3 Дата: 24.01.2014 | Книги | |
| Не е изгубен | Не е повреден | без рестрикции | ползва се в читалня | 264863 | Регионална библиотека "Любен Каравелов" Русе | Регионална библиотека "Любен Каравелов" Русе | Читалня | 2014-11-06 | Читалня | 15.00 | 120000782068 | Ч 82.0/М 12 | 120000782068 | 2 | 7.67 | Дост: Pk Вид: Ф N: 415 Дата: 06.11.2014 Дата инв: 27.03.2017 Бележки инв: Ч2017 | Книги |